000
00312nam a2200133Ia 4500
008
150201s2009 xx 000 0 und d
082
_a
616.8
_b
C09N
100
_a
NAMBOODIRI,VMD
245
_a
CONCIE TB OF PSYCHIATRY
250
_a
3RD
260
_b
ELSEVIER
_a
DELHI
_c
2009
650
_a
PSYCHIATRY
942
_2
ddc
_c
BK
999
_c
697
_d
697